Snatok mahalar bharotor rajnaitik bebysta (Record no. 804)

MARC details
000 -LEADER
fixed length control field 00571cam a2200205ua 4500
001 - CONTROL NUMBER
control field 881
005 - DATE AND TIME OF LATEST TRANSACTION
control field 20260515113234.0
008 - FIXED-LENGTH DATA ELEMENTS--GENERAL INFORMATION
fixed length control field 110421n ii |||gr||||Z||||||asm
040 ## - CATALOGING SOURCE
Transcribing agency MAIN
082 ## - DEWEY DECIMAL CLASSIFICATION NUMBER
Classification number 320.3
245 1# - TITLE STATEMENT
Title Snatok mahalar bharotor rajnaitik bebysta
Statement of responsibility, etc. by Kripesh Chandra Paul
250 ## - EDITION STATEMENT
Edition statement 1st.
260 ## - PUBLICATION, DISTRIBUTION, ETC.
Place of publication, distribution, etc. Guwahati:
Name of publisher, distributor, etc. Arun prokashan,995.
300 ## - PHYSICAL DESCRIPTION
Extent xvi, 640p.:
Dimensions 25cm.
653 ## - INDEX TERM--UNCONTROLLED
Uncontrolled term Political science
653 ## - INDEX TERM--UNCONTROLLED
Uncontrolled term Bharator rajnaitik bebyosta
700 ## - ADDED ENTRY--PERSONAL NAME
Personal name Paul, Kripesh Chandra.,
Relator term Author.
700 ## - ADDED ENTRY--PERSONAL NAME
Personal name Nayak, Protul Chandra.,
Relator term Author.
942 ## - ADDED ENTRY ELEMENTS (KOHA)
Koha item type Books
Holdings
Withdrawn status Lost status Damaged status Not for loan Home library Current library Shelving location Date acquired Total checkouts Full call number Barcode Date last seen Copy number Price effective from Koha item type
        Naharkatiya College Library Naharkatiya College Library General stacks 09/19/2020   320.3 | PAU 19776 09/19/2020 1 09/19/2020 Books